<?xml version="1.0" encoding="UTF-8"?>
<marc:record xmlns:marc="http://www.loc.gov/MARC21/slim">
   <marc:leader>00000nam a2200000 a 4500</marc:leader>
   <marc:datafield ind1="1" ind2=" " tag="100">
      <marc:subfield code="a">Hilbert, Jörg</marc:subfield>
      <marc:subfield code="4">aut</marc:subfield>
      <marc:subfield code="e">Verfasser/-in</marc:subfield>
   </marc:datafield>
   <marc:datafield ind1=" " ind2=" " tag="653">
      <marc:subfield code="a">Angst</marc:subfield>
   </marc:datafield>
   <marc:datafield ind1=" " ind2=" " tag="653">
      <marc:subfield code="a">Mutmachbuch</marc:subfield>
   </marc:datafield>
   <marc:datafield ind1="0" ind2="0" tag="245">
      <marc:subfield code="a">Wir sind doch keine Angsthasen</marc:subfield>
   </marc:datafield>
   <marc:datafield ind1="0" ind2="0" tag="245">
      <marc:subfield code="c">Jörg Hilbert</marc:subfield>
   </marc:datafield>
   <marc:datafield ind1=" " ind2="1" tag="264">
      <marc:subfield code="a">Reinbek</marc:subfield>
      <marc:subfield code="b">Carlsen</marc:subfield>
      <marc:subfield code="c">2018</marc:subfield>
   </marc:datafield>
   <marc:datafield ind1="1" ind2=" " tag="520">
      <marc:subfield code="a">Quelle: LHW.Lesen.Hören.Wissen (http://www.provinz.bz.it/kulturabteilung/bibliotheken/320.asp); #Autor: Martina Koler; #Die Angst ist kein guter Begleiter. Das spüren und erleben auch die sechs Hasenkinder Mira, Maja, Mümmel, Mimi, Max und Moppel. Ausgelassen spielen sie auf der Wiese, toben, klettern, laufen. Ein Hasenkind jedoch ist immer ängstlich und will nicht mitmachen. Mimi macht den Anfang: Klettern ist doch nichts für Hasen. Zum Glück sind die anderen mutig, überreden sie und helfen ihr auf den Baum. Spiel für Spiel verliert ein anderes Hasenkind den Mut: Mümmel traut sich nicht ins Wasser, Mira will nicht Rad fahren. Jedes Mal heißt es laut und einvernehmlich: nichts da, einfach mitmachen, denn "wir sind doch keine Angsthasen". Ja, und dann gibt es auch noch die Oberangsthäsin Frau Bammelmann, die vor lauter Angst eine richtige Dummheit begeht. Aber Dummköpfe sind die Hasenkinder zum Glück keine! Nun müssen sie nur noch eine Mutprobe bestehen: Gespenster - gibt es die wirklich? Da sind sie sich gar nicht so sicher! Ein äußerst humorvolles Bilderbuch, das in Bild und Text Mut machen will und besonders auch Eltern zeigt, wie wichtig es ist, Kinder in ihrem Tun zu bestärken und zu unterstützen.</marc:subfield>
   </marc:datafield>
   <marc:datafield ind1=" " ind2=" " tag="020">
      <marc:subfield code="a">9783551510785</marc:subfield>
      <marc:subfield code="9">9783551510785</marc:subfield>
   </marc:datafield>
   <marc:datafield ind1=" " ind2=" " tag="300">
      <marc:subfield code="a">48 S.</marc:subfield>
   </marc:datafield>
</marc:record>
